000 00483nam a2200181Ia 4500
005 20250326141406.0
008 250326s9999 xx 000 0 und d
037 _aTextbook
040 _aFMSL
_beng
_cFMSL
041 _aeng
_2eng
084 _qFMSL
100 _aIndia Govt. Of......
245 0 _aInterim Report of the Tax Reform committee
_cIndia Govt. Of......
260 _aGovt.
_bGovt., of India
_c1991
300 _a184p
942 _cTB
999 _c1290087
_d1290087